000 00642nam a22002297a 4500
003 UA-OsUOA
001 70151
007 ta
008 20100831b un ||||| |||| 00| 0 ukr d
100 _aМетьюрин Ч. Р.
090 _a821.161.1
_bМ54
942 _cBK
040 _aUA-OsUOA
_brus
_cUA-OsUOA
_dUA-OsUOA
245 _aМельмот Скиталец
_cотв. ред М. П. Алексеев
300 _a740 с.
955 _a3
041 _arus
080 _a821.161.1
260 _aЛенинград
_bНаука
_c1977
650 7 _a82 Література. Літературознавство
_2UDC
999 _c356426
_d356426